Normal view
MARC view
- ISLAM-BIOGRAPHT-PROPHET MUHAMMAD PEACE BE UPON HIM
Entry Topical Term
001 - CONTROL NUMBER
- control field: 66195
003 - CONTROL NUMBER IDENTIFIER
- control field: NUST
005 - DATE AND TIME OF LATEST TRANSACTION
- control field: 20210628203541.0
008 - FIXED-LENGTH DATA ELEMENTS
- fixed length control field: 210628|| aca||aabn | a|a d
040 ## - CATALOGING SOURCE
- Original cataloging agency: NUST
- Transcribing agency: NUST
150 ## - HEADING--TOPICAL TERM
- Topical term or geographic name entry element: ISLAM-BIOGRAPHT-PROPHET MUHAMMAD PEACE BE UPON HIM
670 ## - SOURCE DATA FOUND
- Source citation: Work cat.: (NUST): Shahadat Hussian Awan, Malik 66194, Sabeel-e- ishq, hazoor nabi kareem peace be upon him key seerat-e- tayeba per ishk say likeh gey aik munfarid kitab, 2007
